Soil mechanics fundamentals and applications / (Record no. 21710)

MARC details
000 -LEADER
fixed length control field 00770cam a22002295a 4500
001 - CONTROL NUMBER
control field 18310862
005 - DATE AND TIME OF LATEST TRANSACTION
control field 20201128023734.0
008 - FIXED-LENGTH DATA ELEMENTS--GENERAL INFORMATION
fixed length control field 140922t2015 flua frb 001 0 eng d
020 ## - INTERNATIONAL STANDARD BOOK NUMBER
International Standard Book Number 9781482250411 (alk. paper)
040 ## - CATALOGING SOURCE
Original cataloging agency DLC
Language of cataloging eng
Transcribing agency DLC
Modifying agency DLC
-- EG-ScBUE
082 04 - DEWEY DECIMAL CLASSIFICATION NUMBER
Classification number 624.15136
Edition number 22
Item number ISH
100 1# - MAIN ENTRY--PERSONAL NAME
Personal name Ishibashi, Isao.
9 (RLIN) 39936
245 10 - TITLE STATEMENT
Title Soil mechanics fundamentals and applications /
Statement of responsibility, etc Isao Ishibashi, Hemanta Hazarika.
250 ## - EDITION STATEMENT
Edition statement 2nd ed.
260 ## - PUBLICATION, DISTRIBUTION, ETC. (IMPRINT)
Place of publication, distribution, etc Boca Raton :
Name of publisher, distributor, etc CRC Press / Taylor & Francis Group,
Date of publication, distribution, etc c.2015.
300 ## - PHYSICAL DESCRIPTION
Extent xxiii, 408 p. :
Other physical details ill. ;
Dimensions 24 cm.
504 ## - BIBLIOGRAPHY, ETC. NOTE
Bibliography, etc Includes bibliographical references and indexes.
650 #7 - SUBJECT ADDED ENTRY--TOPICAL TERM
Topical term or geographic name as entry element Soil mechanics.
Source of heading or term BUEsh
9 (RLIN) 2673
653 ## - INDEX TERM--UNCONTROLLED
Resource For college BAEPS, Business Administration
Arrived date list May2016
700 1# - ADDED ENTRY--PERSONAL NAME
Personal name Hazarika, Hemanta.
9 (RLIN) 29051
942 ## - ADDED ENTRY ELEMENTS (KOHA)
Source of classification or shelving scheme Dewey Decimal Classification
Holdings
Withdrawn status Item status Source of classification or shelving scheme Damaged status Not for loan Vendor Home library Current library Shelving location Date acquired Source of acquisition Cost, normal purchase price Total Checkouts Full call number Barcode Date last seen Cost, replacement price Koha item type
    Dewey Decimal Classification     Alahram Central Library Central Library First floor 09/05/2016 Purchase 621.00   624.15136 ISH 000032446 15/07/2025 776.25 Book - Borrowing